| 000 | 01735nam a2200541 i 4500 | ||
|---|---|---|---|
| 001 | 45592 | ||
| 003 | KOSZ 005 | ||
| 005 | 20200229121337.0 | ||
| 008 | 040727s2004 pl a f f |000 0 pol | ||
| 015 | _aPB 2004/15145 | ||
| 020 | _a8372522049 | ||
| 035 | _a991024353399705066 | ||
| 035 | _a(PL-WaBN)b16644918-48omnis_nlop | ||
| 035 | _ab16644918 | ||
| 035 | _a(OCoLC)749149146 | ||
| 035 | _a(PL)b0000001664491 | ||
| 035 | _a(EXLNZ-48OMNIS_NETWORK)9910313870605606 | ||
| 040 |
_aWA N _cWA N _dKOSZ 005/HR |
||
| 041 | 0 | _apol | |
| 046 | _k2004 | ||
| 080 | _a366.1 | ||
| 080 | _a316.6 | ||
| 080 | _a159.94 | ||
| 080 | _a(075.8) | ||
| 100 | 1 |
_aRudnicki, Leszek _d(1935- ) _eAutor |
|
| 245 | 1 | 0 |
_aZachowania rynkowe nabywców : _bmechanizmy i uwarunkowania / _cLeszek Rudnicki. |
| 260 |
_aKraków : _bWydaw. Akademii Ekonomicznej, _c2004. |
||
| 300 |
_a298 s., [1] k. tabl. złoż. : _btab., wykr. ; _c24 cm. |
||
| 336 |
_2rdacontent _aTekst _btxt |
||
| 337 |
_2rdamedia _aBez urządzenia pośredniczącego _bn |
||
| 338 |
_2rdacarrier _aWolumin _bnc |
||
| 380 | _aKsiążki | ||
| 380 | _aPublikacje dydaktyczne | ||
| 385 |
_mPoziom nauczania _aSzkoły wyższe |
||
| 388 | _a2001- | ||
| 504 | _aBibliogr. s. 291-298. | ||
| 650 | 7 |
_aDecyzje _2DBN |
|
| 650 | 7 |
_aKonsumenci (ekonomia) _2DBN |
|
| 650 | 7 |
_aZachowanie _2DBN |
|
| 650 | 7 | _aPsychologia ekonomiczna | |
| 655 | 7 |
_aPodręczniki akademickie _2DBN |
|
| 658 | _aPsychologia | ||
| 658 | _aSocjologia i społeczeństwo | ||
| 658 | _aZarządzanie i marketing | ||
| 856 |
_uhttp://koha.tu.koszalin.pl/cgi-bin/koha/opac-detail.pl?biblionumber=45592 _yKatalog online BPK |
||
| 942 |
_2UKD _cKS |
||
| 999 |
_c45592 _d45592 |
||